Mozart y la psicología sentimental : (Record no. 109512)

MARC details
000 -LEADER
campo de control de longitud fija 00916nam a2200229 i 4500
001 - NÚMERO DE CONTROL
campo de control 109512
003 - IDENTIFICADOR DE NÚMERO DE CONTROL
campo de control ES-MaACL
005 - FECHA Y HORA DE LA ÚLTIMA TRANSACCIÓN
campo de control 20260407134807.0
007 - CAMPO FIJO DE DESCRIPCIÓN FÍSICA--INFORMACIÓN GENERAL
campo de control de longitud fija t|
008 - DATOS DE LONGITUD FIJA--INFORMACIÓN GENERAL
campo de control de longitud fija 061121s1918 sp r ||||1| spa d
100 1# - ENTRADA PRINCIPAL--NOMBRE DE PERSONA
Nombre de persona Mitjana, Rafael.
9 (RLIN) 81697
245 10 - MENCIÓN DEL TÍTULO
Título Mozart y la psicología sentimental :
Resto del título conferencia leída en el Ateneo de Madrid el día 24 de marzo de 1918 /
Mención de responsabilidad, etc. Rafael Mitjana.
260 ## - PUBLICACIÓN, DISTRIBUCIÓN, ETC.
Lugar de publicación, distribución, etc. [Madrid :
Nombre del editor, distribuidor, etc. s.n.],
Fecha de publicación, distribución, etc. 1918 (
Fabricante Imp. de los Sucesores de Hernando)
300 ## - DESCRIPCIÓN FÍSICA
Extensión 36 p. ;
Dimensiones 21 cm.
530 ## - NOTA DISPONIBLE DE FORMULARIO FÍSICO ADICIONAL
Nota de formato físico adicional disponible Disponible en formato digital.
600 17 - PUNTO DE ACCESO ADICIONAL DE MATERIA--NOMBRE DE PERSONA
Nombre de persona Mozart, Wolfgang Amadeus,
Fechas asociadas al nombre 1756-1791
Fuente del encabezamiento o término embne
9 (RLIN) 240565
610 24 - PUNTO DE ACCESO ADICIONAL DE MATERIA--NOMBRE DE ENTIDAD CORPORATIVA
Nombre de entidad corporativa o nombre de jurisdicción como elemento de entrada Ateneo de Madrid-
Subdivisión de forma Conferencias-
Subdivisión cronológica 1900-1939
9 (RLIN) 1907
852 4# - LOCALIZACIÓN
Ubicación ES-MaACL
Número de control de estantería 1572-F-18
itemnumber 113662
Ubicación en estantería Depósito folletos
Nota libre Revisado enlace: 28 de Marzo de 2025.
856 4# - LOCALIZACIÓN Y ACCESO ELECTRÓNICOS
Identificador Uniforme de Recursos <a href="http://bdh-rd.bne.es/viewer.vm?id=0000090919&page=1">http://bdh-rd.bne.es/viewer.vm?id=0000090919&page=1</a>
Texto de enlace Biblioteca Digital Hispánica
942 ## - ELEMENTOS DE ENTRADA SECUNDARIOS (KOHA)
Fuente del sistema de clasificación o colocación Clasificación decimal universal
Holdings
Estatus retirado Estado de pérdida Estado de daño No para préstamo Colección Biblioteca de origen Biblioteca actual Ubicación en estantería Fecha de adquisición Fuente de adquisición Total de préstamos Signatura topográfica completa Código de barras Visto por última vez Precio de reemplazo Tipo de ítem Koha
        Colección de folletos Biblioteca del Ateneo de Madrid Biblioteca del Ateneo de Madrid Depósito folletos 17/01/2008     1572-F-18 1114264 23/02/2023 23/02/2023 Folleto